000 01329nam0a22002891 4500
001 rc\4262428
005 20130416115706.9
021 _aRU
_b[66-60267]
035 _a(NLR Aleph) 008483233
090 _a8003549
_c8003549
100 _a20130416d1966 |||y0rusy50 ca
101 0 _arus
102 _aRU
105 _aa z |||||
200 1 _aБиохимические основы защиты растений
_eБиохимия иммунитета растений и хранения урожая
_e[Сборник статей
_fОтв. ред. проф. Л.В. Метлицкий]
_gАН СССР. Ин-т биохимии им. А.Н. Баха
210 _aМосква
_cНаука
_d1966
215 _a231 с.
_cил.
_d21
320 _aБиблиогр. в конце статей
606 _aСельскохозяйственные культуры
_jСборники
_2psbo
606 _aСельскохозяйственные культуры
_xБолезни и вредители
_jСборники
_2psbo
702 1 _aМетлицкий
_bЛ. В.
_gЛев Владимирович
_4340
712 0 2 _aИнститут биохимии им. А. Н. Баха
_cМосква
_3RU\NLR\AUTH\8817142
801 0 _aRU
_bNLR
_gpsbo
801 1 _aRU
_bELAR
_2rusmarc
852 _aNLR
_j66-5/3829
942 _cBOOK
980 _aNB